Európska kríza nie je krízou eura

Kríza insolventnosti štátov Európskej únie. Zodpovednosť vlád a bánk. Diskusie o potrebe vytvorenia európskeho superštátu - agresívna federalizácia. Rozumnejší prístup k riešeniu súčasnej situácie - swap dlhu za vlastný kapitál. Hrozba menovej krízy.

Enregistré dans:
Détails bibliographiques
Auteur principal: Lewis, Nathan
Format: Chapitre de livre
Langue:slovaque
Sujets:
Tags: Ajouter un tag
Pas de tags, Soyez le premier à ajouter un tag!

MARC

LEADER 00000naa a2200000 4500
001 0144021
005 20231009104443.3
041 0 |a slo 
044 |a SK 
245 1 0 |a Európska kríza nie je krízou eura  |c Nathan Lewis 
520 |a Kríza insolventnosti štátov Európskej únie. Zodpovednosť vlád a bánk. Diskusie o potrebe vytvorenia európskeho superštátu - agresívna federalizácia. Rozumnejší prístup k riešeniu súčasnej situácie - swap dlhu za vlastný kapitál. Hrozba menovej krízy. 
610 2 0 |a kríza finančná 
610 2 0 |a kríza hospodárska 
610 2 0 |a zadlženosť 
610 2 0 |a insolventnosť 
610 2 0 |a euro 
610 2 0 |a Európska únia 
100 1 |a Lewis, Nathan